1001-上毛電気鉄道の駅 - Statistics

General Stats
  • This quiz has been taken 84 times
  • The average score is 13 of 23
Answer Stats
本線 % Correct
中央前橋
97%
西桐生
91%
赤城
83%
大胡
74%
心臓血管センター
72%
富士山下
69%
桐生球場前
60%
57%
丸山下
57%
城東
53%
三俣
53%
粕川
53%
新川
53%
赤坂
52%
東新川
52%
上泉
50%
新里
50%
片貝
47%
江木
47%
天王宿
47%
新屋
45%
樋越
43%
北原
38%
No matching quizzes found
Score Distribution
Percent of People with Each Score
Percentile by Number Answered
Your Score History
You have not taken this quiz